000 00588nam a2200217 i 4500
001 BINCO
003 CO-MdBIC
005 20221111172859.0
008 221111b2006 ck a|||| |||| 00| 0 spa d
020 _a9580484953
040 _aCO-MdBIC
_bspa.
_cCO-MdBIC
_dCO-MdBIC
041 _aspa
082 _222
_a863
_bC112
100 _aCaballero, Paola
245 _aLos siete mejores cuentos
_bMexicanos
264 _aColombia:
_bD´Vinni S.A.;
_c©2006.
300 _a56 Páginas:
_bIlustraciones a color;
_c28cm.
650 _xCuentos
700 _aVaden Broeck, Fabricio
942 _cLGB
999 _c68341
_d68341